Trophée Kopa 2019 - Statistiques

Statistiques générales
  • Ce quiz a été pris 12 fois
  • Le résultat moyen est 3 sur 10
Statistiques - réponses
Année Vainqueurs Club Points % Correct
1 Matthijs de Ligt Ajax Amsterdam 58
91%
3 João Félix Benfica Lisbonne 41
73%
2 Jadon Sancho Borussia Dortmund 49
55%
4 Vinícius Jr Real Madrid 17
55%
7 Kai Havertz Bayer Leverkusen 5
36%
10 Lee Kang-in Valence CF 1
9%
5 Andriy Lunin Real Valladolid 9
0%
6 Mattéo Guendouzi Arsenal FC 5
0%
8 Moise Kean Juventus FC 3
0%
9 Samuel Chukwueze Villarreal CF 1
0%
Aucun quiz correspondant
Distribution des résultats
% des personnes avec chaque résultat
Percentile par nombre de réponses
Votre historique - résultats
Vous n’avez pas pris ce quiz